000 00291nam a2200121Ia 4500
008 220204s9999 xx 000 0 und d
082 _a028.2875
_bSTO
100 _aGraham, W A G
245 0 _aInorganic polymers
260 _aLondon
_bAcademic
_c1962
700 _aStone, F G A
942 _cBK
999 _c21832
_d21832